|
|
|
|
| LEADER |
00810ncm a22002412a 4500 |
| 001 |
001080698 |
| 003 |
CZ BrMZK |
| 005 |
20220916082718.0 |
| 007 |
qu |
| 008 |
091218s1956 xr |||||||||||||||||cze d |
| 040 |
|
|
|a BOA001
|b cze
|
| 072 |
|
7 |
|a 784
|x Vokální hudba
|2 Konspekt
|9 9
|
| 100 |
1 |
|
|a Stanislav, Josef,
|d 1897-1971
|7 jk01120871
|4 cmp
|
| 245 |
1 |
0 |
|a Pozdrav straně
|h [hudebnina] :
|b smíšený sbor a capella /
|c Josef Stanislav ; na slova M. Kubra
|
| 260 |
|
|
|a [Praha :
|b Ústřední dům lidové tvořivosti,
|c 1956]
|
| 300 |
|
|
|a 10 s.
|
| 500 |
|
|
|a Rozmnoženo
|
| 500 |
|
|
|a Partitura
|
| 700 |
1 |
|
|a Kubr, Milan,
|d 1930-
|7 jk01070471
|4 lyr
|
| 910 |
|
|
|a BOA001
|b Mus2-0422.767
|
| 990 |
|
|
|a MU
|
| 991 |
|
|
|b 200912
|
| 996 |
6 |
|
|b 2619437524
|c Mus2-0422.767
|l MZK
|r Sklad / do 1 hodiny
|n 0
|w 001102549
|u 000010
|a 1
|e BOA001
|j MZK50
|s P
|